<?xml version="1.0" encoding="UTF-8"?>
<marc:record xmlns:marc="http://www.loc.gov/MARC21/slim">
   <marc:leader>00000nam a2200000 a 4500</marc:leader>
   <marc:datafield ind1="1" ind2=" " tag="100">
      <marc:subfield code="a">Peto, Violet</marc:subfield>
      <marc:subfield code="4">aut</marc:subfield>
      <marc:subfield code="e">Verfasser/-in</marc:subfield>
   </marc:datafield>
   <marc:datafield ind1=" " ind2=" " tag="653">
      <marc:subfield code="a">Erstes Sachwissen</marc:subfield>
   </marc:datafield>
   <marc:datafield ind1="0" ind2="0" tag="245">
      <marc:subfield code="a">Ich weiß was!  Im Wald</marc:subfield>
   </marc:datafield>
   <marc:datafield ind1="0" ind2="0" tag="245">
      <marc:subfield code="b">selber machen - ausprobieren</marc:subfield>
   </marc:datafield>
   <marc:datafield ind1="0" ind2="0" tag="245">
      <marc:subfield code="c">Peto, Violet</marc:subfield>
   </marc:datafield>
   <marc:datafield ind1=" " ind2="1" tag="264">
      <marc:subfield code="a">München</marc:subfield>
      <marc:subfield code="b">DK</marc:subfield>
   </marc:datafield>
   <marc:datafield ind1="1" ind2=" " tag="520">
      <marc:subfield code="a">Von verschiedenen Vogelarten, die sich in den dichten Baumwipfeln verstecken über flinke Hasen, die über grüne Wiesen hoppeln bis zu kleinsten Kriechtierchen, die sich in die Erde graben – im Wald gibt es so viel zu entdecken! Dieses farbenfrohe Sach- und Mitmachbuch begleitet Ihre Kleinen auf eine spannende Tour durch den Wald.&#xD;
&#xD;
Bereiten Sie mit Ihren Kindern leckeres Eis am Stiel aus frischen Beeren zu oder basteln Sie niedliche Eulen aus Tannenzapfen! Die vielen süßen Illustrationen animieren dabei die Wissbegierde Ihrer Kinder und sie erfahren spielerisch interessante Fakten über das Waldleben.</marc:subfield>
   </marc:datafield>
   <marc:datafield ind1=" " ind2=" " tag="020">
      <marc:subfield code="a">9783831033751</marc:subfield>
      <marc:subfield code="9">9783831033751</marc:subfield>
   </marc:datafield>
   <marc:datafield ind1=" " ind2=" " tag="020">
      <marc:subfield code="a">3831033757</marc:subfield>
      <marc:subfield code="9">3831033757</marc:subfield>
   </marc:datafield>
   <marc:datafield ind1=" " ind2=" " tag="041">
      <marc:subfield code="a">ger</marc:subfield>
   </marc:datafield>
   <marc:datafield ind1=" " ind2=" " tag="338">
      <marc:subfield code="a">Band</marc:subfield>
   </marc:datafield>
   <marc:datafield ind1=" " ind2=" " tag="300">
      <marc:subfield code="a">32 S.</marc:subfield>
   </marc:datafield>
</marc:record>
